000 01467nam a22003857i 4500
003 DO-SdBNP
005 20260525184344.0
007 ta
008 110301s2019 dr ac 000 f spa d
020 _a9789945613087
040 _aDO-SdBNP
_bspa
_cBNPHU
_erda
041 _aspa
082 _a907.2
_bC343a
_223
100 1 _aCassá, Roberto
_953018
_d1948-
_4aut.
_eautor
245 1 0 _aAspectos de la metodología de la investigación histórica /
_cRoberto Cassá ; presentación, Eliades Acosta Matos
264 _aSanto Domingo :
_bArchivo General de la Nación,
_c2019
300 _a86 páginas :
_c22 cm
336 _atexto
_btxt
_2rdamedia
337 _asin mediación
_bn
_2rdacontent
338 _avolumen
_bnc
_2rdacarrier
490 1 _aArchivo General de la Nación ;
490 1 _aCuadernos Populares ;
_v5 ;
500 _aIncluye datos biográficos del autor.
590 _aInventariado, 2022/ YL
650 7 _2lemb
_aHistoria
_xMetodología
_981202
650 7 _2lemb
_aHistoria
_xInvestigaciones
_980371
650 7 _2lemb
_aCiencias sociales
_xMetodología
_97482
650 7 _2lemb
_aHistoriagrafía
_989737
700 _aAcosta Matos, Eliades
_eprologuista
_978929
_4prol.
830 0 _nArchivo General de la Nación ;
_p438
_981429
830 0 _nCuadernos Populares
_p5
_981724
856 _uhttps://colecciones.agn.gob.do/gestion/descargadoc.php?file=00110012&tipo=descarga
_yAcceso a texto completo
910 _aYLockward
942 _2ddc
_cLBS1
999 _c51840
_d51840